000 00636nam a2200181Ia 4500
008 090630s9999 xx 000 0 und d
082 _b12928
100 _aबाबर सरोजीनी.
245 _aस्वारी खुशाल आहे.
_cबाबर सरोजीनी.
260 _bनवचैतन्य.
_c1994
300 _a156
600 _aबाबर सरोजीनी.
630 _aस्वारी खुशाल आहे.
655 _aलघुकथा.
700 _aबाबर सरोजीनी.
730 _aस्वारी खुशाल आहे.
942 _cBOOK
999 _c264784
_d264784